| 000 | 00729nam a2200289Ia 4500 | ||
|---|---|---|---|
| 001 | 117 | ||
| 005 | 20240113233356.0 | ||
| 007 | ta | ||
| 008 | 041201s1989 a g b000 u 465 u | ||
| 020 | _a81-224-0065-5 | ||
| 040 | _aCotton College Assam | ||
| 041 | _a465 | ||
| 082 |
_a581.135 _bSa 15 Pl |
||
| 100 | _aSadhu, M.K. . | ||
| 245 | 0 |
_aPlant Propagation / _cM.K. Sadhu. _hTextual Documents |
|
| 250 | _a1st ed. / | ||
| 260 |
_aNew Delhi : _bWilley Eastern Ltd. , _cC1989. |
||
| 300 |
_avii, 287p. : _bill ; _c23cm. . |
||
| 504 | _aIndex | ||
| 653 | _aBotany | ||
| 653 | _aPlant Propagation | ||
| 653 | _aG-Botany | ||
| 942 |
_2ddc _cBK |
||
| 999 |
_c117 _d117 |
||